000
00268nam a2200097Ia 4500
008
220204s9999 xx 000 0 und d
082
_a
002
_b
WOR
245
0
_a
World guide to technical information and documentation services
260
_a
Paris
_b
Unesco
_c
1969
942
_c
BK
999
_c
23267
_d
23267